Diccionario constitucional chileno
Gardado en:
| Main Authors: | , , |
|---|---|
| Formato: | Libro |
| Idioma: | Lingua castelá |
| Publicado: |
Santiago
Hueders
2016
|
| Edición: | 1a. ed |
| Subjects: | |
| Tags: |
Engadir etiqueta
Sen Etiquetas, Sexa o primeiro en etiquetar este rexistro!
|
MARC
| LEADER | 00000cam a2200000 a 4500 | ||
|---|---|---|---|
| 001 | UCD5248 | ||
| 003 | CL-VaPUC | ||
| 008 | 160819e20160000cl |||||||||||||||||spa|d | ||
| 020 | |a 9789568935955 | ||
| 082 | 0 | 4 | |a 342.003 |b GAR |2 21 |
| 100 | |a García Pino, Gonzalo |e author |9 588991 | ||
| 700 | 0 | |a Contreras Vásquez, Pablo |e author |9 588992 | |
| 700 | 0 | |a Martínez Placencia, Victoria |e author |9 588993 | |
| 245 | 1 | 0 | |a Diccionario constitucional chileno |
| 250 | |a 1a. ed | ||
| 300 | |a 1072 p | ||
| 942 | |c BK | ||
| 945 | |d 20160819 12:52:00 |a dcastane | ||
| 260 | |a Santiago |b Hueders |c 2016 | ||
| 650 | 0 | |a Derecho constitucional |9 222588 | |
| 650 | 0 | |a Diccionarios |9 256200 | |
| 583 | |a last modification |c 20160819 12:52:00 |k Rodrigo Vera | ||
| 999 | |c 365974 |d 365972 | ||
| 952 | |0 0 |1 0 |3 erd |4 0 |6 342_003000000000000_GAR_2016 |7 0 |8 F |9 479969 |a BIBDER |b BIBDER |i 5338662 |o 342.003 GAR 2016 |p 5338662 |r 2023-01-25 |w 2019-11-24 |y BK_F |z Catalogado en:20160819 |k DER | ||